| 000 | 00752nam a2200289Ia 4500 | ||
|---|---|---|---|
| 001 | 8527 | ||
| 005 | 20240113234117.0 | ||
| 007 | ta | ||
| 008 | 050719s1992 g b000 u eng u | ||
| 020 | _a81-7020-573-5 | ||
| 040 | _aCotton College Assam | ||
| 041 | _aeng | ||
| 082 |
_a370 _bMo 725 Cu |
||
| 100 | _aMohanty, J. . | ||
| 245 | 0 |
_aCurrent Issues in Education / _cJ. Mohanty. _hTextual Documents |
|
| 250 | _a1st ed / | ||
| 260 |
_aNew Delhi : _bCosmo Publications , _c1992. |
||
| 300 |
_avi, 349p. ; _c22cm.. |
||
| 653 | _aEducation-Current Issues | ||
| 653 | _aEducation-Current Issues | ||
| 653 | _aG-Edn | ||
| 653 | _aT/G-Education | ||
| 942 |
_2ddc _cBK |
||
| 999 |
_c8514 _d8514 |
||